000 00779nam a2200229 a 4500
005 20240919064330.0
008 991125s1974 mx 000 0 spa u
020 _a9682302900
035 _aUPN01000016905
049 _aCG
050 4 _aHB501
_bB6.3
100 1 _aBöhm-Bawerk, Eugen Von,
_d1851-1914
245 1 0 _aEconomía burguesa y economía marxista /
_cEugen von Böhm Bawerk, Rudolf Hilferding, Ladislaus von Bortkiewicz.
260 _aMéxico :
_bPasado y Presente :
_bSiglo XXI,
_c1974.
300 _a225 p.
440 0 _aCuadernos de pasado y presente ;
_v49
600 1 4 _aMARX, KARL,
_d1818-1883
650 4 _aEconomía
_911541
700 1 _aHilferding, Rudolf,
_d1877-1941,
_ecoaut.
700 1 _aBortkiewicz, Ladislaus von,
_d1868-1931,
_ecoaut.
905 _aLibro
999 _c16905
_d16905